00486nam a2200169Ia 4500999001700000003000400017005001700021008004100038040000900079082002400088100002700112245004300139260005900182300000900241650001100250942005500261 c35424d35424OSt20201209130142.0190216s9999||||xx |||||||||||||| ||und|| coclc a304.60954021bUNN/C aUnni, M Vijayan 97351 0aCensus Of India 1981 /cM Vijayan Unni bThe Indian Administarative Service,c1981.aNew Delhi: a225p aCensus cREF2ddch304.60954021iUNN/Ck304.60954021mUNN/C